Daň z príjmov obyvateľstva

Na minha lista:
Detalhes bibliográficos
Autor principal: Strähle, Juraj
Outros Autores: Strählová, Jarmila
Formato: Livro
Idioma:eslovaco
Publicado em: Žilina HERMES 1994
Edição:1. vyd.
Assuntos:
Tags: Adicionar Tag
Sem tags, seja o primeiro a adicionar uma tag!

MARC

LEADER 00000nam a2200000 4500
001 c005334
005 20221214075305.1
020 |a 80-85445-15-8 
041 0 |a slo 
044 |a SK 
245 1 0 |a Daň z príjmov obyvateľstva  |c Juraj Strähle, Jarmila Strählová 
250 |a 1. vyd. 
264 1 |a Žilina  |b HERMES  |c 1994 
300 |a 53 s. 
610 2 0 |a dane 
610 2 0 |a priznania daňové 
610 2 0 |a dane z príjmov 
610 2 0 |a dane z hodnoty pridanej 
610 2 0 |a dane z nehnuteľností 
610 2 0 |a dane spotrebné 
610 2 0 |a poradenstvo 
610 2 0 |a informácie 
100 1 |a Strähle, Juraj 
700 1 |a Strählová, Jarmila